[Event "II Duchamp Open 2018"]
[Site "Rio de Janeiro"]
[Date "2018.11.17"]
[Round "5"]
[White "Roselli Mailhe, Bernardo"]
[Black "Di Berardino, Diego Rafael"]
[Result "1/2-1/2"]
[WhiteElo "2421"]
[BlackElo "2526"]
[Annotator "TA"]
[PlyCount "47"]
[EventDate "2018.11.14"]
[EventType "swiss"]
[EventCountry "BRA"]
[SourceTitle "playchess.com"]
[Source "ChessBase"]
[SourceQuality "1"]

{[%evp 20,47,33,32,49,27,77,78,54,65,80,67,84,86,94,87,82,82,113,112,120,46,46,46,37,29,63,0,0,0]} 1. d4 Nf6 2. c4 g6 3. Nc3 d5 4. Bg5 Ne4 5. Bh4 Nxc3 6. bxc3 dxc4 7. Qa4+ {D80: Grünfeld: Unusual White 4th moves and 4 Bg5} (7. e3 Be6 8. Nf3 Bg7 9. Qb1 Qd5 10. Be2 Bf5 11. Qb4 c5 12. Qb5+ Bd7 13. Qxc4 Bc6 14. Qb3 e6 15. c4 Qd7 16. Ne5 Qc7 17. O-O {½-½ (124) Wei,Y (2743)-Svidler,P (2768) Wijk aan Zee 2018}) 7... Nd7 8. e3 Bg7 9. Bxc4 O-O 10. Qa3 c5 11. Nf3 {LiveBook: 15 Games} Qc7 {[#] Threatens to win with ...cxd4.} 12. Rc1 e5 13. O-O Nb6 14. Be2 Bg4 {With the idea ...e4.} 15. h3 ({Of course not} 15. dxe5 $6 Bxe5 16. Bg3 Bxg3 $11) 15... Bxf3 16. Bxf3 c4 $146 ({Predecessor:} 16... Rfc8 17. Rfd1 {½-½ (17) Kazilaris,N-Smyslov,V Siegen 1970}) 17. Rfd1 Rfe8 18. Bg3 Bf8 19. Qa5 {[%cal Rg3e5]} Bd6 20. dxe5 ({White should play} 20. Rb1 $16) 20... Bxe5 $14 21. Bxe5 Rxe5 22. Qb4 Rb8 23. Rd4 ({Better is} 23. a4 $14) 23... a5 $11 24. Qb1 {Precision: White = 50%, Black = 64%.} 1/2-1/2

[Event "II Duchamp Open 2018"]
[Site "Rio de Janeiro"]
[Date "2018.11.17"]
[Round "5"]
[White "Von Buelow, Georg"]
[Black "Romanishin, Oleg M"]
[Result "1/2-1/2"]
[WhiteElo "2354"]
[BlackElo "2435"]
[Annotator "TA"]
[PlyCount "24"]
[EventDate "2018.11.14"]
[EventType "swiss"]
[EventCountry "BRA"]
[SourceTitle "playchess.com"]
[Source "ChessBase"]
[SourceQuality "1"]

{[%evp 16,24,20,20,32,27,20,18,39,33,51]} 1. Nf3 Nf6 2. c4 e6 3. Nc3 Bb4 4. Qc2 c5 5. a3 Ba5 6. g3 Nc6 7. Bg2 O-O 8. O-O d6 9. d3 h6 {A17: English Opening: 1...Nf6 with ...Bb4} 10. e3 e5 11. Nd2 Rb8 12. b3 $146 ({Predecessor:} 12. Rb1 Bxc3 13. Qxc3 a5 14. b3 Re8 15. Bb2 Bd7 16. Ne4 Nxe4 17. dxe4 {½-½ (53) Panjwani,R (2444)-Kovalyov,A (2636) Wheeling 2014}) 12... Bd7 1/2-1/2

[Event "II Duchamp Open 2018"]
[Site "Rio de Janeiro"]
[Date "2018.11.17"]
[Round "5"]
[White "Brito, Luismar"]
[Black "Santos Filho, Tadeu Sousa"]
[Result "1/2-1/2"]
[WhiteElo "2349"]
[BlackElo "2078"]
[Annotator "TA"]
[PlyCount "70"]
[EventDate "2018.11.14"]
[EventType "swiss"]
[EventCountry "BRA"]
[SourceTitle "playchess.com"]
[Source "ChessBase"]
[SourceQuality "1"]

{[%evp 9,70,-13,15,0,4,4,5,-27,10,0,0,-6,12,-27,-12,-18,-15,-8,10,0,10,-20,13,13,34,3,14,19,15,2,26,0,0,-4,18,21,23,14,13,14,10,0,21,18,20,0,0,0,0,-28,-9,-22,-34,-47,0,0,0,0,0,0,0,0,0]} 1. b3 e5 2. Bb2 Nc6 3. e3 Nf6 4. c4 d6 5. Be2 (5. Nc3 g6 6. g3 Bg7 7. Bg2 O-O 8. Nge2 Ne7 9. d4 c6 10. O-O Qc7 11. Qd2 Rd8 12. Rfd1 exd4 13. Qxd4 Bg4 {½-½ (94) Karjakin,S (2771)-Wang,H (2729) Dubai 2014}) 5... g6 6. d3 {A01: Nimzowitsch-Larsen Opening} Bg7 7. Nc3 O-O 8. Bf3 a6 $146 ({Predecessor:} 8... Be6 9. Nge2 d5 10. O-O Qd7 11. cxd5 Nxd5 12. Ne4 b6 13. Ng5 Bg4 14. a3 Rad8 {½-½ (14) Hatsek,W (1938)-Herzog,K (1855) LSS email 2013}) 9. Nge2 Rb8 10. Rc1 Bd7 11. a3 Ne7 12. d4 exd4 13. Nxd4 Nc6 14. h3 Re8 15. O-O Ne5 16. Be2 Qc8 17. Kh2 Nc6 18. Nd5 {[#] Threatens to win with Nxc6.} Qd8 19. b4 Ne4 20. Bf3 Ng5 21. Bg4 f5 22. Be2 Ne4 23. Nxc6 bxc6 24. Bxg7 Kxg7 25. Qd4+ Kf7 26. Nf4 Qf6 27. Qa7 Rec8 28. f3 Nd2 29. Rfd1 Nb3 30. Rb1 Ra8 31. Qb7 Rab8 (31... g5 $5 {[%cal Rg5f4]} 32. c5 (32. Rxb3 gxf4 33. c5 Qe6 $11) 32... gxf4 33. cxd6 (33. Rxb3 Qe6 $11) 33... Be6 34. exf4 Nd4 $15) 32. Qxa6 {[#] c5 is the strong threat.The position is equal.} Ra8 33. Qb7 Rab8 34. Qa6 {Black must now prevent c5.} Ra8 35. Qb7 Rab8 {Precision: White = 37%, Black = 50%.} 1/2-1/2

[Event "II Duchamp Open 2018"]
[Site "Rio de Janeiro"]
[Date "2018.11.17"]
[Round "5"]
[White "Larrea, Manuel"]
[Black "Galego, Luis"]
[Result "0-1"]
[WhiteElo "2271"]
[BlackElo "2479"]
[Annotator "TA"]
[PlyCount "74"]
[EventDate "2018.11.14"]
[EventType "swiss"]
[EventCountry "BRA"]
[SourceTitle "playchess.com"]
[Source "ChessBase"]
[SourceQuality "1"]

{[%evp 21,74,37,40,57,49,28,32,5,31,0,9,0,4,-9,0,-43,-39,-103,-46,-98,0,12,9,11,19,12,39,53,69,-47,66,60,87,92,140,122,131,100,102,72,73,47,49,12,69,0,69,50,120,-152,-161,-577,-559,-898,-867]} 1. e4 c5 2. Nf3 e6 3. c3 Nf6 4. e5 Nd5 5. d4 cxd4 6. cxd4 Nc6 7. Bc4 {[%cal Bf1c4,Bc4b3,Bb3c2,Bc2d3][%mdl 32]} d6 8. O-O Be7 9. Qe2 Nb6 10. Bb3 d5 11. Nc3 Bd7 {LiveBook: 14 Games. B22: Sicilian: 2 c3} 12. Bc2 (12. Bf4 a6 13. Rad1 Rc8 14. Ne1 Na5 15. Bc2 Nbc4 16. Bc1 Qb6 17. Bb1 Nc6 18. Nf3 h6 19. h3 {1-0 (58) Drabke,L (2469)-Cori Tello,J (2637) Baden 2015}) 12... Rc8 13. a3 a6 {White has an edge.} 14. g3 $146 ({Predecessor:} 14. Be3 Nc4 15. b4 Nxe3 16. Qxe3 Qc7 17. Rac1 O-O 18. Na4 Qd8 19. Nc5 Bxc5 20. dxc5 {1-0 (52) Kuran,A (2073)-Breneis,L (2109) Imst 2008}) 14... h6 15. h4 Na7 16. Bd3 Nc4 17. Nd1 Na5 18. Nd2 {[%cal Bf3d2,Bd2b3,Bb3c5][%mdl 32]} Nb5 19. Qg4 (19. Qe3 $1 $15) 19... Kf8 (19... g5 $17 {Threatens to win with ...h5.} 20. h5 f5 21. exf6 Bxf6 22. Bg6+ Kf8) 20. b4 {[#]} (20. h5 $1 $15) 20... Nc4 ({Better is} 20... h5 $1 $17 {[%cal Rh5g4]} 21. Qf4 g5) 21. Nb3 $1 $11 f5 22. Qe2 g5 23. a4 $36 {[%mdl 2048] White has some pressure.} Nc7 24. Nc5 ({Don't play} 24. Bxc4 dxc4 25. Nc5 (25. Qxc4 Bxa4 26. Nc5 Bxc5 $17) 25... Bc6 $15) 24... Bc6 25. Qf3 (25. Ne3 $1 $14) 25... Kg7 (25... Qe8 $15) 26. Ne3 $1 $14 {[%cal Bd1e3,Be3g2,Bg2e3][%mdl 32]} Bxc5 27. bxc5 {And now Nxf5+! would win.} Rf8 {...Nxe5 would now be nice for Black.} 28. Ng2 Rh8 29. Kh2 Qe7 30. Rh1 a5 31. Kg1 Na6 32. Ne3 Rcf8 (32... Nxc5 $11 33. dxc5 Nxe5 {[%mdl 64] Double Attack} 34. Qxf5 (34. Bb2 d4 $11) 34... exf5 35. Nxf5+ Kf8 36. Nxe7 Kxe7) 33. Rh2 (33. Qe2 $14) 33... Nb4 ({Black should try} 33... Nxe5 $11 34. dxe5 d4 35. Nxf5+ exf5) 34. Bb1 Nxe5 (34... Rfg8 $14) 35. dxe5 $4 {[%mdl 8192]} (35. Qe2 $16 {is forced if you want to stay better.}) 35... d4 $17 {[%mdl 64] [#] Discovered Attack} 36. Qh5 $2 (36. Qe2 {is a better chance.} dxe3 37. Bxe3) 36... dxe3 $19 37. Bxe3 {[%cal Rh4g5]} g4 {Accuracy: White = 21%, Black = 34%.} 0-1

[Event "II Duchamp Open 2018"]
[Site "Rio de Janeiro"]
[Date "2018.11.17"]
[Round "5"]
[White "Barreto, Ignacio C. De Barro"]
[Black "Dos Santos, Vitor Eduardo Mello"]
[Result "1/2-1/2"]
[WhiteElo "2222"]
[BlackElo "2054"]
[Annotator "TA"]
[PlyCount "27"]
[EventDate "2018.11.14"]
[EventType "swiss"]
[EventCountry "BRA"]
[SourceTitle "playchess.com"]
[Source "ChessBase"]
[SourceQuality "1"]

{[%evp 12,27,0,0,10,0,0,0,0,0,14,-27,-8,-29,-4,-22,-16,-49]} 1. e4 e5 2. Nf3 Nc6 3. Nc3 Nf6 4. g3 d5 5. exd5 Nxd5 6. Bg2 Nxc3 7. bxc3 Bd6 {C47: Scotch Four Knights and Four Knights with 4 g3} 8. d3 (8. O-O O-O 9. Re1 Re8 10. d3 Bg4 11. h3 Bh5 12. Rb1 Rb8 13. g4 Bg6 14. Ng5 h6 15. Ne4 Qd7 16. Qf3 f5 17. gxf5 Bxf5 {1-0 (33) Mamedov,R (2709)-Vallejo Pons,F (2707) Riadh 2017}) 8... O-O 9. Rb1 Rb8 10. Ng5 {[#] aiming for Bxc6.} Bf5 11. O-O Qd7 12. Ne4 $146 ({Predecessor:} 12. Re1 h6 13. Ne4 Be7 14. Be3 Bxe4 15. dxe4 Qxd1 16. Rexd1 Bd6 17. c4 {½-½ (79) Perez Mitjans,O (2434)-De la Fuente Gonzalez,F (2155) Mostoles 2015}) 12... Bg4 13. f3 Bh3 14. f4 1/2-1/2

[Event "II Duchamp Open 2018"]
[Site "Rio de Janeiro"]
[Date "2018.11.17"]
[Round "5"]
[White "Rocha, Vitor Firmo De Souz"]
[Black "Ramos, Angelo Bil"]
[Result "1-0"]
[WhiteElo "2174"]
[BlackElo "1952"]
[Annotator "TA"]
[PlyCount "59"]
[EventDate "2018.11.14"]
[EventType "swiss"]
[EventCountry "BRA"]
[SourceTitle "playchess.com"]
[Source "ChessBase"]
[SourceQuality "1"]

{[%evp 28,59,13,12,23,17,33,30,32,-2,0,0,0,0,11,9,19,-45,-37,-47,-37,-47,-26,-26,-26,-284,-27,-34,-25,-22,-24,-85,681,675]} 1. e4 e5 2. Nf3 Nc6 3. d4 exd4 4. Bc4 Nf6 5. e5 d5 6. Bb5 Ne4 7. Nxd4 Bd7 8. Bxc6 bxc6 9. O-O Bc5 10. f3 Ng5 11. Be3 Bb6 12. f4 Ne4 13. Nd2 c5 14. N4f3 Nxd2 15. Qxd2 {LiveBook: 70 Games} c6 {C56: Two Knights: 4 d4 exd4 5 0-0 Nxe4} 16. c3 O-O 17. Qf2 c4 {[#] White has an edge.} 18. Rad1 $146 ({Predecessor:} 18. b4 Qc7 19. Bc5 Rfb8 20. Nd4 Bxc5 21. bxc5 Qa5 22. f5 Qxc5 23. Qh4 {1-0 (39) Teichmeister,S (2567)-Minchev,V (2464) ICCF email 2009}) 18... Bg4 19. Rd2 Bxf3 20. Qxf3 Bxe3+ 21. Qxe3 Qb6 22. Rd4 (22. Re1 $11) 22... Qxb2 $15 23. f5 $1 {[%cal Rf5f6] [#] Threatens to win with f6.} f6 $1 ({Not} 23... Qxa2 $2 24. f6 $18) 24. e6 {[%cal Be5e6,Be6e7][%mdl 32]} Qb7 25. e7 Rfe8 26. Qe6+ Kh8 27. Re1 {aiming for Rg4.} Qc8 $1 {White should prevent ...Qxe6.} 28. Qd6 Rb8 29. Rg4 (29. Re6 $11) 29... Qxf5 $2 {[%mdl 8192] [#]} (29... Rb7 $17 30. Re6 Qc7 31. Qxc6 Qxc6 32. Rxc6 Rbxe7) 30. Qxb8 $1 {[%mdl 576] Double Attack. Accuracy: White = 63%, Black = 56%.} 1-0

[Event "II Duchamp Open 2018"]
[Site "Rio de Janeiro"]
[Date "2018.11.17"]
[Round "5"]
[White "Lebredo Zaragoitia, Gerardo"]
[Black "Urquiza, Marcello de Albuque"]
[Result "1/2-1/2"]
[WhiteElo "2139"]
[BlackElo "2018"]
[Annotator "TA"]
[PlyCount "81"]
[EventDate "2018.11.14"]
[EventType "swiss"]
[EventCountry "BRA"]
[SourceTitle "playchess.com"]
[Source "ChessBase"]
[SourceQuality "1"]

{[%evp 12,81,33,16,36,40,36,36,36,29,36,37,31,26,46,35,46,37,36,30,42,35,26,25,35,0,0,0,0,0,0,0,12,0,0,0,19,4,8,0,0,0,0,0,0,0,0,0,14,0,0,0,0,0,25,13,86,82,73,81,107,64,68,24,36,29,65,0,39,0,69,0]} 1. d4 d5 2. Nf3 Nf6 3. c4 dxc4 4. e3 e6 5. Bxc4 c5 6. O-O a6 7. Ne5 {LiveBook: 3 Games. D27: Queen's Gambit Accepted: Classical main line: 7 e4!? and 7 a4} (7. dxc5 Qxd1 8. Rxd1 Bxc5 9. Be2 O-O 10. Ne5 Nbd7 11. Nc4 Nd5 12. Nc3 Nxc3 13. bxc3 b5 14. Na5 Nb6 15. c4 bxc4 16. Nxc4 Nxc4 17. Bxc4 {½-½ (62) Van Wely,L (2642)-Nakamura,H (2763) Batumi 2018}) 7... cxd4 8. exd4 Nc6 9. Nxc6 bxc6 10. Nc3 $146 ({Predecessor:} 10. Qa4 Bd7 11. Qc2 c5 12. Be3 cxd4 13. Bxd4 {1-0 (34) Grishchenko,S (2442)-Fomin,T (2312) Minsk 2015}) 10... Be7 11. Bf4 O-O 12. Rc1 Nd5 13. Be5 a5 14. Na4 Ba6 15. Bxa6 Rxa6 16. Qg4 {[%csl Ge5][%cal Rg4g7] [#]} (16. Qe2 {is interesting.} Qa8 17. Rc4 Rd8 18. Rfc1 Bd6 19. b3) 16... Bf6 17. Qe2 Qc8 18. a3 Rd8 19. Rc2 Bxe5 20. dxe5 Nf4 21. Qe3 Ng6 22. Rfc1 Qb8 23. f4 Qb5 24. Nc5 {[%cal Ba4c5,Bc5e4,Be4c3][%mdl 32]} Raa8 25. Ne4 Rd3 26. Qf2 Qd5 27. Nc3 Qd7 28. Re1 Ne7 29. Ne4 {[#] Strongly threatening Nc5.} Qd4 (29... Qd5 {with more complications.} 30. Rc5 Qb3 31. h3 h6 32. Re2 Nf5) 30. Qxd4 (30. Nd6 {seems wilder.} Rb8 31. Qxd4 Rxd4 32. Re4 Rd1+ 33. Kf2) 30... Rxd4 31. g3 Rb8 32. Ree2 Rb6 33. Kf2 Rd1 (33... h6 $11 {keeps the balance.}) 34. Red2 $16 Rxd2+ 35. Nxd2 {[%mdl 4096] Endgame KRN-KRN} Kf8 36. Nc4 Rb5 37. Nd6 Rd5 38. Ne4 Ke8 39. Nd6+ Kf8 40. Ne4 Ke8 41. Nd6+ {Accuracy: White = 28%, Black = 57%.} ({White should try} 41. Rc4 $14) 1/2-1/2

[Event "II Duchamp Open 2018"]
[Site "Rio de Janeiro"]
[Date "2018.11.17"]
[Round "5"]
[White "Almeida, Gianluca Jorio"]
[Black "Perdomo, Leandro"]
[Result "1-0"]
[WhiteElo "2109"]
[BlackElo "2476"]
[Annotator "TA"]
[PlyCount "91"]
[EventDate "2018.11.14"]
[EventType "swiss"]
[EventCountry "BRA"]
[SourceTitle "playchess.com"]
[Source "ChessBase"]
[SourceQuality "1"]

{[%evp 24,91,23,22,33,31,31,37,35,18,42,44,77,-35,243,245,256,243,252,234,331,333,340,329,340,335,338,341,396,339,374,345,990,354,377,306,294,292,296,280,274,265,254,264,298,272,390,386,449,449,440,433,422,403,514,531,742,699,603,610,814,507,781,518,679,600,618,584,496,479]} 1. c4 g6 2. Nc3 Bg7 3. g3 e5 4. Bg2 Nc6 5. e4 d6 6. Nge2 f5 7. d3 Nf6 8. O-O O-O 9. Nd5 Ne7 10. Nxf6+ Bxf6 {A26: English Opening vs King's Indian with ...Nc6 and d3} 11. Bh6 Rf7 12. Qd2 Be6 (12... c6 13. d4 fxe4 14. Bxe4 Bg4 15. dxe5 Bxe5 16. Nc3 Nf5 17. Bxf5 Bxf5 18. Rfe1 Qf6 19. Bg5 Qg7 20. Bh6 Qf6 21. Bg5 Qg7 22. Bh6 Qf6 {½-½ (22) Bai,J (2556)-Xu,X (2549) Shenzhen 2017}) 13. Rac1 {LiveBook: 3 Games} c6 14. f4 Qb6+ $146 ({Predecessor:} 14... Kh8 15. d4 exd4 16. Nxd4 Be5 {1-0 (16) Cuevas,A (2302)-Anelli,A (2155) Buenos Aires 2011}) 15. Kh1 Rd8 16. Rfd1 Rd7 17. b3 Kh8 18. d4 (18. c5 $16 dxc5 19. fxe5 Bxe5 20. Nf4) 18... Ng8 $2 {[%mdl 8192]} (18... fxe4 $15 {stays ahead.} 19. dxe5 dxe5) 19. d5 $18 Bxd5 20. fxe5 (20. exd5 Nxh6 21. fxe5 Ng4 $16) 20... dxe5 21. cxd5 f4 (21... cxd5 $142 22. exd5 Nxh6) 22. Nxf4 (22. gxf4 Nxh6 23. fxe5 Ng4 $16) 22... Nxh6 {[#]} 23. Nxg6+ $1 {[%mdl 576] Discovered Attack} Kg7 {[#]} (23... hxg6 24. Qxh6+) 24. Nxe5 $1 {[%mdl 576] Deflection, Decoy} Bxe5 25. Qg5+ {[%mdl 64] Double Attack} Kf8 {intending ...Bg7.} 26. Qxh6+ ({Weaker is} 26. Qxe5 Ng4 $18) 26... Bg7 27. Qxh7 Rf2 $2 {[#]} (27... Qe3 28. Qh5 Rd6) 28. dxc6 $2 (28. e5 $1 Re7 (28... Bxe5 29. Qxd7) 29. e6) 28... Qxc6 29. Rf1 Rxf1+ 30. Rxf1+ Rf7 31. Rxf7+ Kxf7 32. Qf5+ Ke7 33. h4 Qc1+ 34. Kh2 Qb2 (34... Qc3 $142 35. Qh7 b6) 35. Qc5+ Kd8 36. Qxa7 Be5 37. Qxb7 Qc3 38. Qb6+ Ke8 39. Qg6+ {White is clearly winning.} Ke7 40. h5 Qb2 41. Qg5+ Kd6 42. a4 Qc3 (42... Qxb3 $142 43. a5 Qe6) 43. Qd8+ Ke6 44. Bh3+ Kf7 45. Qd7+ Kf8 46. Qc8+ {Accuracy: White = 68%, Black = 31%.} 1-0

[Event "II Duchamp Open 2018"]
[Site "Rio de Janeiro"]
[Date "2018.11.17"]
[Round "5"]
[White "Maia, Jose Eduardo Bastos"]
[Black "Matsuura, Everaldo"]
[Result "0-1"]
[WhiteElo "2093"]
[BlackElo "2476"]
[Annotator "TA"]
[PlyCount "78"]
[EventDate "2018.11.14"]
[EventType "swiss"]
[EventCountry "BRA"]
[SourceTitle "playchess.com"]
[Source "ChessBase"]
[SourceQuality "1"]

{[%evp 17,78,-14,-6,-27,-14,-49,-53,-60,-52,-77,-59,-88,-87,-103,-99,-120,-122,-245,-241,-248,-241,-259,-231,-227,-196,-200,-195,-233,-223,-214,-224,-275,-254,-214,-205,-337,-333,-387,-273,-459,-280,-327,-247,-287,-245,-296,-320,-373,-345,-326,-358,-350,-335,-392,-374,-379,-379,-379,-364,-1306,-1278,-1753,-1539]} 1. e4 c5 2. Nf3 Nc6 3. d3 g6 4. g3 Bg7 5. Bg2 e5 6. O-O Nge7 7. c3 O-O 8. a4 d6 9. Na3 h6 {LiveBook: 19 Games. A04: Unusual lines after 1 Nf3 and King's Indian Attack} 10. Nc2 (10. Nc4 Be6 11. Re1 Qd7 12. Nfd2 f5 13. exf5 gxf5 14. f4 exf4 15. gxf4 d5 16. Ne5 Nxe5 17. fxe5 Nc6 18. Nf3 f4 19. d4 cxd4 20. cxd4 {½-½ (31) Yuffa,D (2527)-Alekseev,E (2622) Sochi 2017}) 10... f5 11. h3 Be6 {Black is slightly better.} 12. b4 Qd7 $146 ({Predecessor:} 12... cxb4 13. cxb4 Qd7 14. Kh2 Rac8 15. Rb1 Kh7 16. b5 Na5 17. Nb4 {0-1 (43) Astegno,R-Berni,M Italy 1983}) 13. b5 Na5 14. Bb2 c4 {[%cal Bc5c4,Bc4d3][%mdl 32]} 15. Ne3 Nb3 16. Rb1 cxd3 17. Nd5 (17. Qxd3 $17 Nc5 18. Qc2) 17... Nc5 ({Worse is} 17... Nxd5 18. exd5 Bxd5 19. Nd2 $11) 18. Nxe7+ Qxe7 19. Ba3 Rad8 20. Re1 fxe4 {[%mdl 64] [#] Discovered Attack} 21. Nd2 d5 22. c4 dxc4 {And now ...c3 would win.} 23. Nxe4 b6 {[%cal Bb7b6,Bb6c5][%mdl 32]} 24. Bxc5 bxc5 25. Qd2 Bd5 26. Qc3 (26. a5 {might work better.}) 26... Qf7 $19 27. Rb2 Qf5 28. Qa3 $2 (28. Qc1 {was necessary.}) 28... Qc8 29. a5 Rf7 30. Rd2 Rb7 31. Qa4 Kh8 32. Nc3 Bxg2 33. Kxg2 {[#]} e4 $1 34. Qxc4 (34. Nxe4 c3) 34... Rd4 35. Qb3 Rb4 36. Qa3 Qf5 37. a6 Rb6 38. Na4 $2 (38. Re3) 38... R6xb5 39. Rc1 Ra5 {Accuracy: White = 22%, Black = 79%.} 0-1

[Event "II Duchamp Open 2018"]
[Site "Rio de Janeiro"]
[Date "2018.11.17"]
[Round "5"]
[White "Souza Neves, Andrey M."]
[Black "Kruger, Israel"]
[Result "1-0"]
[WhiteElo "2074"]
[BlackElo "1877"]
[Annotator "NA RC"]
[PlyCount "97"]
[EventDate "2018.11.14"]
[EventType "swiss"]
[EventCountry "BRA"]
[SourceTitle "playchess.com"]
[Source "ChessBase"]
[SourceQuality "1"]
[TimeControl "5400+30"]

{[%evp 15,97,44,44,28,40,38,39,35,90,51,105,113,141,116,125,113,125,98,32767,32767,80,45,57,4,40,28,18,49,32767,32767,11,33,50,43,135,175,281,157,225,32767,230,332,241,431,32767,32767,32767,32767,228,219,206,137,174,133,127,0,32767,32767,32767,32767,8,8,8,0,0,0,0,0,0,0,14,8,8,4,18,16,32767,32767,32767,32767,6,0,2839,2222]} 1. d4 {[%emt 0:06:14]} d5 {[%emt 0:02:33]} 2. c4 {[%emt 0:00:09]} c6 {[%emt 0:00:29]} 3. Nf3 {[%emt 0:00:09]} Nf6 {[%emt 0:00:28]} 4. e3 {[%emt 0:00:21]} g6 {[%emt 0:03:37]} 5. Nc3 {[%emt 0:01:13]} Bg7 {[%emt 0:00:08]} 6. Bd3 {[%emt 0:01:03]} dxc4 {[%emt 0:00:29]} 7. Bxc4 {[%emt 0:00:10]} O-O {[%emt 0:00:29]} 8. O-O {[%emt 0:04:44]} Bg4 {[%emt 0:00:19]} 9. h3 {[%emt 0:00:36]} Bxf3 {[%emt 0:00:20]} 10. Qxf3 {[%emt 0:00:11]} Nbd7 {[%emt 0:05:37]} 11. Rd1 {[%emt 0:02:46] LiveBook: 358 Games} a5 {[%emt 0:07:51] D94: Grünfeld: 4 Nf3 Bg7 5 e3} (11... e5 12. d5 e4 13. Nxe4 Nxe4 14. Qxe4 Nb6 15. Rb1 Qd6 16. Bb3 cxd5 17. Qd3 a5 18. a3 Qe6 19. Bd2 Rfc8 20. Be1 Rc5 21. Ba2 Nc4 22. b4 axb4 23. Bxb4 {1-0 (84) Riazantsev,A (2654)-Li,C (2735) Geneva 2017}) 12. a4 {[%emt 0:00:53]} Qc7 $146 {[%emt 0:05:58]} ({Predecessor:} 12... e5 13. d5 Qb6 14. dxc6 bxc6 15. e4 Nc5 16. Rd6 Qb4 17. Rxf6 Bxf6 18. Qxf6 Qxc4 19. Bh6 {1-0 (27) Ma,Q (2608)-Zhang,Z (2236) Shijiazhuang 2015}) 13. e4 {[%emt 0:00:56]} Rad8 {[%emt 0:00:14]} 14. e5 {[%emt 0:01:53]} Ne8 {[%emt 0:00:22]} 15. Bf4 {[%emt 0:03:24]} e6 {[%emt 0:02:13]} 16. Ne4 {[%emt 0:02:28]} Nb6 {[%emt 0:00:54]} 17. Bb3 {[%emt 0:00:58]} Nd5 {[%emt 0:01:27]} 18. Bxd5 {[%emt 0:04:54]} Rxd5 {[%emt 0:06:29]} 19. Nf6+ {[%emt 0:00:49]} Bxf6 {[%emt 0:00:10]} 20. exf6 {[%emt 0:00:07]} Nd6 {[%emt 0:00:11]} 21. Be5 {[%emt 0:03:50]} Rc8 {[%emt 0:01:13]} 22. h4 {[%emt 0:03:20]} Qd8 {[%emt 0:08:17]} 23. h5 {[%emt 0:02:19]} Nf5 {[%emt 0:07:01]} 24. hxg6 {[%emt 0:01:09]} hxg6 {[%emt 0:04:58] [#]} (24... fxg6 $14 25. Re1 Qd7) 25. Qf4 $1 {[%emt 0:01:27]} c5 {[%emt 0:00:51]} (25... Kf8 {is a better defense.}) 26. g4 {[%emt 0:13:39]} (26. Ra3 $18) 26... Nxd4 {[%emt 0:01:07]} (26... Rxd4 $16 27. Bxd4 Nxd4) 27. Kg2 {[%emt 0:02:33]} Rxe5 {[%emt 0:09:12]} 28. Qxe5 {[%emt 0:00:20]} Qd5+ {[%emt 0:00:17]} 29. Qxd5 {[%emt 0:00:08]} exd5 {[%emt 0:00:07]} 30. Ra3 {[%emt 0:04:54]} Ne6 {[%emt 0:01:46]} 31. Rb3 {[%emt 0:08:27]} Rc7 {[%emt 0:01:39]} 32. Rb5 {[%emt 0:00:51]} g5 {[%emt 0:01:14]} 33. Rh1 {[%emt 0:01:26]} ({Don't play} 33. Rxa5 Kh7 $16) 33... Nf4+ {[%emt 0:01:05]} 34. Kg3 {[%emt 0:07:35]} Ne2+ {[%emt 0:01:16] [#]} 35. Kf3 {[%emt 0:05:11]} (35. Kh2 $1 $16) 35... Nd4+ {[%emt 0:00:10]} 36. Ke3 {[%emt 0:00:07]} Nxb5 {[%emt 0:00:10]} 37. axb5 {[%emt 0:00:06]} b6 {[%emt 0:01:02]} 38. Rh5 {[%emt 0:00:55]} d4+ {[%emt 0:01:04]} 39. Ke4 {[%emt 0:04:36]} Rd7 {[%emt 0:00:27]} 40. Rxg5+ {[%emt 0:00:19]} Kf8 {[%emt 0:00:18]} 41. Rh5 {[%emt 0:00:52]} Kg8 {[%emt 0:00:01]} 42. Kd3 {[%emt 0:03:10]} Rd6 {[%emt 0:01:02]} 43. g5 {[%emt 0:01:40]} Re6 {[%emt 0:02:38]} 44. Rh1 {[%emt 0:05:41]} a4 {[%emt 0:01:07]} 45. Ra1 {[%emt 0:02:23]} Kh7 {[%emt 0:00:27]} 46. Rxa4 {[%emt 0:00:17]} Kg6 {[%emt 0:00:02]} 47. f4 {[%emt 0:00:24]} Kf5 {[%emt 0:00:32]} 48. Ra8 {[%emt 0:00:32]} Kxf4 $2 {[%emt 0:00:24] [#]} (48... Re3+ $11 49. Kc4 d3) 49. g6 $18 1-0